| 000 | 00767nam a2200241 i 4500 | ||
|---|---|---|---|
| 001 | 12124 | ||
| 003 | ES-MaACL | ||
| 005 | 20250728113735.0 | ||
| 007 | t| | ||
| 008 | 970414s1995 sp ||||1| spa d | ||
| 020 | _a84-8164-076-X | ||
| 080 | _a291 | ||
| 100 | 1 |
_aDíez de Velasco, Francisco, _d1960- _eaut _9174249 |
|
| 245 | 1 | 0 |
_aHombres, ritos, dioses : _bintroducción a la historia de las religiones / _cFrancisco Díez de Velasco. |
| 260 |
_aMadrid : _bTrotta, _cD.L. 1995. |
||
| 300 |
_a566 p. : _bil. ; _c23 cm. |
||
| 490 | 1 |
_aColección Paradigmas ; _v10 |
|
| 650 | 1 | 4 |
_aReligiones- _xHistoria _916823 |
| 830 | 0 |
_aColección Paradigmas ; _v10 _9180595 |
|
| 852 |
_aES-MaACL _jL-19462 _bR.125044 |
||
| 942 | _2udc | ||
| 999 |
_c12124 _d12124 |
||